000 01702cam a22003617a 4500
999 _c532801
_d532801
001 13243254
003 NUST
005 20191203105356.0
008 030618s1997 ne af b 101 0 eng d
010 _a 2003271210
020 _a9054108711
035 _a(OCoLC)ocm38020017
038 _aMSOHAIL
040 _aAZS
_cAZS
_dOHX
_dOCL
_dDLC
042 _alccopycat
050 0 0 _aTA710.A1
_bI597 1996
072 7 _aTA
_2lcco
082 0 0 _a624.15136
_222
111 2 _aInternational Symposium on Geotechnical Engineering for the Preservation of Monuments and Historic Sites
_d(1996 :
_cNaples, Italy)
_926404
245 1 0 _aGeotechnical engineering for the preservation of monuments and historic sites :
_bproceedings of the International Symposium on Geotechnical Engineering for the Preservation of Monuments and Historic Sites, Napoli, Italy, 3-4 October 1996 /
_cedited by Carlo Viggiani.
260 _aRotterdam ; London
_aCRC Press:
_bA.A. Balkema,
_cc2013.
300 _axvii, 794 p., [3] folded plates :
_bill. (some col.) ;
_c26 cm.
500 _aFolded plates in pocket.
504 _aIncludes bibliographical references and index.
650 0 _aSoil mechanics
_vCongresses.
_926405
650 0 _aMonuments
_xConservation and restoration
_vCongresses.
_926406
650 0 _aHistoric sites
_xConservation and restoration
_vCongresses.
_926407
700 1 _aViggiani, Carlo.
_926408
856 4 2 _3Publisher description
_uhttp://www.loc.gov/catdir/enhancements/fy0916/2003271210-d.html
906 _a7
_bcbc
_ccopycat
_d2
_encip
_f20
_gy-gencatlg
942 _2ddc
_cBK